[Event "LTU-ch sf"]
[Site "Vilnius"]
[Date "2022.04.11"]
[Round "6"]
[White "Radzisauskas, Algirdas"]
[Black "Povilaitis, Tomas"]
[Result "1-0"]
[WhiteElo "1845"]
[BlackElo "2130"]
[PlyCount "133"]
[EventDate "2022.04.08"]
[EventType "swiss"]
[EventRounds "9"]
[EventCountry "LTU"]
[SourceTitle "CBM 207 Extra"]
[Source "ChessBase"]
[SourceDate "2022.05.31"]
[SourceVersion "1"]
[SourceVersionDate "2022.05.31"]
[SourceQuality "1"]

1. e4 c5 2. Nf3 Nc6 3. Nc3 d6 4. g3 e5 5. Bg2 Be6 6. d3 Be7 7. Nd5 Qd7 8. c4 h5 9. h3 0-0-0 10. Be3 f5 11. Qa4 Nf6 12. Nd2 h4 13. 0-0-0 hxg3 14. fxg3 Nh5 15. exf5 Bxf5 16. g4 Ng3 17. gxf5 Nxh1 18. Rxh1 Kb8 19. Be4 Rh5 20. Bf3 Rh4 21. Bg4 Bf6 22. Ne4 Qf7 23. Kb1 Ne7 24. Nxe7 Qxe7 25. b4 a6 26. Kc2 d5 27. Bxc5 Qc7 28. Nxf6 gxf6 29. Qa5 Qd7 30. Rd1 Rc8 31. Kb2 Rhh8 32. Qb6 Qc6 33. Qxc6 bxc6 34. cxd5 cxd5 35. Bd6+ Kb7 36. Be7 Rh6 37. Bf3 e4 38. Bg2 Rg8 39. Rd2 Re8 40. Bc5 Rh4 41. dxe4 dxe4 42. Re2 Kc8 43. Kc3 Rf4 44. Kd2 Kd7 45. Kc3 Rxf5 46. Rxe4 Rxe4 47. Bxe4 Rf4 48. Bb7 f5 49. Bxa6 Rf3+ 50. Kd4 Rxh3 51. Ke5 Rf3 52. Bb5+ Kc7 53. a4 f4 54. Ke4 Ra3 55. Kxf4 Ra1 56. Ke4 Re1+ 57. Kd5 Rd1+ 58. Bd4 Rb1 59. Kc5 Rc1+ 60. Bc4 Rh1 61. a5 Rh5+ 62. Bd5 Kb8 63. b5 Ka7 64. Kc6+ Kb8 65. Bc5 Ka8 66. b6 Rh6+ 67. Kc7+ 1-0